1980s Directors by Movies - Statistics

General Stats
  • This quiz has been taken 99 times
  • The average score is 8 of 15
Answer Stats
Movies Directors % Correct
Indiana Jones and the Raiders of the Lost Ark, E.T. the Extra-Terrestrial, Indiana Jones and the Temple of Doom, The Color Purple, Empire of the Sun, Always, Indiana Jones and the Last Crusade Steven Spielberg
98%
Raging Bull, The King of Comedy, After Hours, The Color of Money, The Last Temptation of Christ Martin Scorsese
92%
Pee-Wee's Big Adventure, Beetlejuice, Batman Tim Burton
90%
She's Gotta Have It, School Daze, Do the Right Thing Spike Lee
74%
Stardust Memories, A Midsummer Night's Sex Comedy, Zelig, Broadway Danny Rose, The Purple Rose of Cairo, Hannah and Her Sisters, Radio Days, September, Another Woman, Crimes and Misdemeanors Woody Allen
70%
Blood Simple, Raising Arizona Ethan Coen/Joel Coen
64%
This is Spinal Tap, The Sure Thing, Stand by Me, The Princess Bride, When Harry Met Sally... Rob Reiner
63%
Sixteen Candles, The Breakfast Club, Weird Science, Ferris Bueller's Day Off, Planes, Trains and Automobiles, She's Having A Baby, Uncle Buck John Hughes
52%
One From the Heart, The Outsiders, Rumble Fish, The Cotton Club, Peggy Sue Got Married, Gardens of Stone, Tucker: The Man and His Dream Francis Ford Coppola
51%
Terms of Endearment, Broadcast News James L. Brooks
40%
Caddyshack, National Lampoon's Vacation, Club Paradise Harold Ramis
39%
Pirates, Frantic Roman Polanski
25%
Stripes, Ghostbusters, Legal Eagles, Twins, Ghostbusters II Ivan Reitman
22%
They All Laughed, Mask, Illegally Yours Peter Bogdanovich
12%
Adventures in Babysitting, Heartbreak Hotel Chris Columbus
10%
No matching quizzes found
Score Distribution
Percent of People with Each Score
Percentile by Number Answered
Your Score History
You have not taken this quiz